| 000 | 01488nam a2200349 a 4500 | ||
|---|---|---|---|
| 001 | ebr10500138 | ||
| 003 | CaPaEBR | ||
| 006 | m u | ||
| 007 | cr cn||||||||| | ||
| 008 | 111104s2011 caua sb 000 0 eng d | ||
| 020 | _z9781611321043 | ||
| 020 | _z9781611321050 (e-book) | ||
| 040 |
_aCaPaEBR _cCaPaEBR |
||
| 035 | _a(OCoLC)755415578 | ||
| 050 | 1 | 4 |
_aH62 _b.W33 2011eb |
| 100 | 1 | _aWadsworth, Yoland. | |
| 245 | 1 | 0 |
_aEveryday evaluation on the run _h[electronic resource] / _cYoland Wadsworth. |
| 250 | _a3rd ed. | ||
| 260 |
_aWalnut Creek, Calif. : _bLeft Coast Press, _c2011. |
||
| 300 |
_axx, 215 p. : _bill. |
||
| 500 | _aCompanion to author's: Do it yourself social research. 3r ed. 2011. | ||
| 500 | _a"The user-friendly introductory guide to effective evaluation" --Cover. | ||
| 500 | _aOriginally published in Australia by Allen & Unwin, 2011. | ||
| 504 | _aIncludes bibliographical references. | ||
| 533 |
_aElectronic reproduction. _bPalo Alto, Calif. : _cebrary, _d2011. _nAvailable via World Wide Web. _nAccess may be limited to ebrary affiliated libraries. |
||
| 650 | 0 | _aEvaluation research (Social action programs) | |
| 650 | 0 |
_aOrganizational effectiveness _xEvaluation. |
|
| 655 | 7 |
_aElectronic books. _2local |
|
| 700 | 1 |
_aWadsworth, Yoland. _tDo it yourself social research. |
|
| 710 | 2 | _aebrary, Inc. | |
| 856 | 4 | 0 |
_uhttp://site.ebrary.com/lib/rucke/Doc?id=10500138 _zAn electronic book accessible through the World Wide Web; click to view |
| 999 |
_c131225 _d131225 |
||